MARC

LEADER 00000nam0a2200000 4500
001 273479
005 20231101234632.0
035 |a (RuTPU)RU\TPU\book\296688 
090 |a 273479 
100 |a 20141027d1956 k y0rusy50 ca 
101 0 |a rus 
102 |a RU 
105 |a a z 001zy 
200 1 |a Радиогеология и её значение в познании истории Земли  |f Г. В. Войткевич 
210 |a Москва  |c Госгеолтехиздат  |d 1956 
215 |a 112 с.  |c ил. 
317 |5 63413507: КР-7017  |a Поступил в НТБ в 2004 г. в составе книжного собрания кафедры общей геологии 
320 |a Библиогр.: с. 109-111 
606 1 |a Радиогеология  |x (геофизика)  |2 stltpush  |3 (RuTPU)RU\TPU\subj\22643  |9 47367 
610 1 |a радиоактивность 
610 1 |a атомное ядро 
610 1 |a атомно-ядерные превращения 
610 1 |a Земля 
610 1 |a геологическое время 
610 1 |a определение 
610 1 |a возраст 
610 1 |a история 
610 1 |a летоисчисление 
610 1 |a тепловой режим 
610 1 |a космогония 
610 1 |a Коллекция кафедры общей геологии 
610 1 |a дары библиотеке 
675 |a 550.35  |v 4 
700 1 |a Войткевич  |b Г. В.  |g Георгий Витольдович 
801 1 |a RU  |b 63413507  |c 20141027 
801 2 |a RU  |b 63413507  |c 20211118  |g RCR 
942 |c BK